<?xml version="1.0" encoding="UTF-8"?>
<record
    xmlns:xsi="http://www.w3.org/2001/XMLSchema-instance"
    xsi:schemaLocation="http://www.loc.gov/MARC21/slim http://www.loc.gov/standards/marcxml/schema/MARC21slim.xsd"
    xmlns="http://www.loc.gov/MARC21/slim">

  <leader>00468nam a22001577a 4500</leader>
  <controlfield tag="005">20150424103219.0</controlfield>
  <controlfield tag="008">150424b        xxu||||| |||| 00| 0 eng d</controlfield>
  <datafield tag="040" ind1=" " ind2=" ">
    <subfield code="c">PK-LaUMT</subfield>
  </datafield>
  <datafield tag="082" ind1=" " ind2=" ">
    <subfield code="a">KHC 954.0359</subfield>
    <subfield code="b">ISH-J</subfield>
  </datafield>
  <datafield tag="100" ind1=" " ind2=" ">
    <subfield code="a">&#x627;&#x634;&#x62A;&#x6CC;&#x627;&#x642; &#x62D;&#x633;&#x6CC;&#x646; </subfield>
  </datafield>
  <datafield tag="245" ind1=" " ind2=" ">
    <subfield code="a">&#x62C;&#x62F;&#x648;&#x62C;&#x6C1;&#x62F; &#x67E;&#x627;&#x6A9;&#x633;&#x62A;&#x627;&#x646; </subfield>
    <subfield code="c">&#x627;&#x634;&#x62A;&#x6CC;&#x627;&#x642; &#x62D;&#x633;&#x6CC;&#x646; </subfield>
  </datafield>
  <datafield tag="260" ind1=" " ind2=" ">
    <subfield code="a">&#x6A9;&#x631;&#x627;&#x686;&#x6CC;</subfield>
    <subfield code="b">&#x6A9;&#x631;&#x627;&#x686;&#x6CC; &#x6CC;&#x648;&#x646;&#x6CC;&#x648;&#x631;&#x633;&#x679;&#x6CC;</subfield>
    <subfield code="c">1984</subfield>
  </datafield>
  <datafield tag="300" ind1=" " ind2=" ">
    <subfield code="a">531 &#x635;</subfield>
  </datafield>
  <datafield tag="700" ind1=" " ind2=" ">
    <subfield code="a">&#x628;&#x644;&#x627;&#x644; &#x627;&#x62D;&#x645;&#x62F; &#x632;&#x628;&#x6CC;&#x631;&#x6CC;(&#x645;&#x62A;&#x631;&#x62C;&#x645;</subfield>
  </datafield>
  <datafield tag="942" ind1=" " ind2=" ">
    <subfield code="c">BK</subfield>
  </datafield>
  <datafield tag="999" ind1=" " ind2=" ">
    <subfield code="c">70356</subfield>
    <subfield code="d">70356</subfield>
  </datafield>
  <datafield tag="952" ind1=" " ind2=" ">
    <subfield code="0">0</subfield>
    <subfield code="1">0</subfield>
    <subfield code="4">0</subfield>
    <subfield code="7">0</subfield>
    <subfield code="a">01</subfield>
    <subfield code="b">01</subfield>
    <subfield code="d">2015-04-24</subfield>
    <subfield code="l">1</subfield>
    <subfield code="o">KHC 954.0359 ISH-J</subfield>
    <subfield code="p">67718</subfield>
    <subfield code="q">2022-07-16</subfield>
    <subfield code="r">2022-03-18 00:00:00</subfield>
    <subfield code="s">2022-03-18</subfield>
    <subfield code="w">2015-04-24</subfield>
    <subfield code="y">BK</subfield>
  </datafield>
</record>
